Pěstování a řez malých ovocných dřevin : zakrslé dřeviny pro malé zahrady a terasy /

Hlavní autor: Mayer, Joachim
Další autoři: Borecká, Jaromíra, 1972-
Jazyk: Čeština
Vydáno: Praha : Euromedia Group, 2021
Vydání: Vydání první
Edice: Esence
Témata:
Fyzický popis: 95 stran : barevné ilustrace ; 22 cm
Knihy
Uloženo v:
LEADER 02129nam a2200577 i 4500
001 nkc20203253488
003 CZ PrNK
005 20230123102733.0
007 ta
008 200914s2021 xr a e f 001 0 cze
015 |a cnb003253488 
020 |a 978-80-242-7005-0  |q (brožováno) :  |c Kč 259,00 
035 |a (OCoLC)1240908788 
040 |a BOA001  |b cze  |d ABA001  |e rda 
041 1 |a cze  |h ger 
072 7 |a 634  |x Ovocnářství  |2 Konspekt  |9 24 
080 |a 634.1/.8  |2 MRF 
080 |a 631.526-022.51  |2 MRF 
080 |a 633/635.01/.04  |2 MRF 
080 |a 631.542  |2 MRF 
080 |a (035)  |2 MRF 
100 1 |a Mayer, Joachim  |7 xx0032525  |4 aut 
240 1 0 |a Mein kleiner Ostbaum.  |l Česky 
245 1 0 |a Pěstování a řez malých ovocných dřevin :  |b zakrslé dřeviny pro malé zahrady a terasy /  |c Joachim Mayer ; z německého originálu Mein kleiner Obstbaum ... přeložila Jaromíra Borecká 
250 |a Vydání první 
264 1 |a Praha :  |b Euromedia Group,  |c 2021 
300 |a 95 stran :  |b barevné ilustrace ;  |c 22 cm 
336 |a text  |b txt  |2 rdacontent 
336 |a statický obraz  |b sti  |2 rdacontent 
337 |a bez média  |b n  |2 rdamedia 
338 |a svazek  |b nc  |2 rdacarrier 
490 1 |a Esence 
500 |a Obsahuje rejstřík 
650 0 7 |a ovocné dřeviny  |7 ph115632  |2 czenas 
650 0 7 |a zakrslé odrůdy rostlin  |7 ph442512  |2 czenas 
650 0 7 |a pěstování rostlin  |7 ph183358  |2 czenas 
650 0 7 |a řez dřevin  |7 ph136746  |2 czenas 
650 0 9 |a fruit woody plants  |2 eczenas 
650 0 9 |a dwarf plant varieties  |2 eczenas 
650 0 9 |a plants cultivation  |2 eczenas 
650 0 9 |a pruning  |2 eczenas 
655 7 |a příručky  |7 fd133209  |2 czenas 
655 9 |a handbooks and manuals  |2 eczenas 
700 1 |a Borecká, Jaromíra,  |d 1972-  |7 jx20060726005  |4 trl 
830 0 |a Esence  |0 s 
910 2 |a BOA001  |b 2-1460.345 
990 |a BK 
995 |a 01 
991 |b 202104  |c NOV 
996 6 |b 2610852999  |c 2-1460.345  |l MZK  |r Sklad / do 1 hodiny  |n 0  |p p.v.  |w 001840385  |u 000010  |a 1  |e BOA001  |j MZK50  |s P 
996 7 |b 2610854811  |c 2-1460.345  |l Vol.výběr  |r VV 1p  |n 6  |p kup  |h 634 MAY  |w 001840385  |u 000020  |a 0  |e BOA001  |j MZK50  |s A